Movimientos sociales y emancipación social humana ¿Identidades encapsuladas o articulación de "lo diferente" en América Latina? /
Salvato in:
| Autore principale: | |
|---|---|
| Natura: | testo |
| Lingua: | Spanish |
| Pubblicazione: |
La Habana:
Editorial de Ciencias Sociales
|
| Soggetti: | |
| Tags: |
Aggiungi Tag
Nessun Tag, puoi essere il primo ad aggiungerne!!
|
MARC
| LEADER | 00000 a a2200000 04500 | ||
|---|---|---|---|
| 001 | 39039 | ||
| 003 | cru CIDCACS/IIS | ||
| 005 | 20170530145238.0 | ||
| 008 | 170530b xxu||||| |||| 00| 0 spa d | ||
| 020 | |a 978-959-06-1023-3 | ||
| 040 | |c CIDCACS/IIS | ||
| 090 | |a 0001 D678d | ||
| 100 | 1 | |9 4919 |a Valdés Gutiérrez, Gilberto | |
| 245 | |a Movimientos sociales y emancipación social humana ¿Identidades encapsuladas o articulación de "lo diferente" en América Latina? / |c Gilberto Valdés Gutiérrez | ||
| 260 | |a La Habana: |b Editorial de Ciencias Sociales | ||
| 300 | |a Páginas 1-36 | ||
| 650 | |a ASPECTOS SOCIALES | ||
| 650 | |a COMUNICACION | ||
| 650 | |a PLURALISMO CULTURAL | ||
| 650 | |a LIBRE COMERCIO | ||
| 650 | |a GENERO | ||
| 773 | 0 | |0 948 |9 1023 |a Instituto de Filosofía |d La Habana: Editorial de Ciencias Sociales |o 06307 |t Diversidad, identidad y articulación: |w (cru CIDCACS/IIS)39038 |z 978-959-06-1023-3 | |
| 942 | |2 ddc |c LI | ||
| 999 | |c 3195 |d 3195 | ||



